| 000 | 00695pam a2200193 a 4500 | ||
|---|---|---|---|
| 999 |
_c12434 _d12434 |
||
| 003 | OSt | ||
| 005 | 20240117092330.0 | ||
| 008 | 820908r19831977nyua d 000 0 eng | ||
| 020 | _a048624444X (pbk.) | ||
| 082 | 0 | 0 |
_a720.321 _219 _bCYR |
| 130 | 0 | _aHistoric architecture sourcebook. | |
| 245 | 1 | 0 |
_aIllustrated dictionary of historic architecture / _cedited by Cyril M. Harris. |
| 260 |
_aNew York : _bDover Publications, _c1983, c1977. |
||
| 300 |
_aviii, 581 p. : _bill. ; _c24 cm. |
||
| 500 | _aReprint. Originally published: Historic architecture sourcebook. New York : McGraw-Hill, c1977. | ||
| 650 | 0 |
_aArchitecture _xDictionaries. |
|
| 700 | 1 |
_aHarris, Cyril M., _d1917-2011. |
|
| 942 | _2ddc | ||